Monet
| Main Author: | |
|---|---|
| Format: | Book |
| Published: |
Chicago :
Childrens Press ,
1993
|
| Series: | Getting to know the world's greatest artists
|
| Subjects: |
MARC
| LEADER | 00000cam a2200000 7i4500 | ||
|---|---|---|---|
| 001 | 0000007622 | ||
| 002 | 000008187 | ||
| 005 | 20000330.0 | ||
| 020 | |a 0516022768 | ||
| 090 | 0 | 0 | |a J 759.4 |b VEN |
| 100 | 1 | |a Venezia, Mike | |
| 245 | 1 | 0 | |a Monet |c written and illustrated by Mike Venezia |
| 260 | |a Chicago : |b Childrens Press , |c 1993 | ||
| 300 | |a 32p. : |b ill. ; |c 15cm. | ||
| 490 | 0 | |a Getting to know the world's greatest artists | |
| 650 | 0 | 0 | |a Monet, Claude, 1840-1926 |x Juvenile literature |
| 999 | |a 052675 |b BUKU |c PINJAMAN |e PERPUSTAKAAN KOMUNITI PETALING JAYA | ||